Logo BPK

Biblioteka

Politechniki Koszalińskiej

Osnovy matematiceskogo analiza. (Rekord nr 25581)

Szczegóły MARC
000 -ETYKIETA REKORDU
podpole kontrolne o stałej długości 00446nam a2200157 i 4500
001 - NUMER KONTROLNY REKORDU
pole kontrolne bg
040 ## - ŹRÓDŁO KATALOGOWANIA
Instytucja, która utworzyła rekord BPK
041 ## - KOD JĘZYKA
Kod języka tekstu pol
008 - POLE O STAŁEJ DŁUGOŚCI - DANE KONTROLNE
podpole kontrolne o stałej długości s pl f |000 0 pol
100 1# - NAZWA OSOBOWA
Nazwa osobowa I~7lin, Viktor Aleksandrovič
Daty związane z nazwą (1928- ).
245 #0 - TYTUŁ/ODPOWIEDZIALNOŚĆ
Tytuł Osnovy matematiceskogo analiza.
Oznaczenie części/sekcji dzieła Cast 1 /
Pozostałe elementy strefy tytułu i oznaczenia odpowiedzialności V.A. Ilin, E.G. Poznak.
250 ## - STREFA WYDANIA
Oznaczenie wydania Izd.3 ispr. i dopoln.
260 ## - STREFA ADRESU WYDAWNICZEGO
Miejsce wydania Moskva,
Data publikacji, dystrybucji/powstania dokumentu 1971.
700 1# - HASŁO DODATKOWE - NAZWA OSOBOWA
Nazwa osobowa Poznjak, Eduard Genrihovič
Daty związane z nazwą (1923- ).
856 ## - LOKALIZACJA I DOSTĘP DO ELEKTRONICZNYCH DOKUMENTÓW ZDALNYCH
Link (URL) http://koha.tu.koszalin.pl/cgi-bin/koha/opac-detail.pl?biblionumber=25581
Tekst linku Katalog online BPK
942 ## - DODATKOWE ELEMENTY (KOHA)
Typ dokumentu Książka
Egzemplarze
Wycofany Status egzemplarza Uszkodzony Dostępność Lokalizacja stała Lokalizacja bieżąca Miejsce przechowywania Sygnatura Kod kreskowy Typ dokumentu
      Dostępny Biblioteka Politechniki Koszalińskiej Biblioteka Politechniki Koszalińskiej Wypożyczalnia BG 13045 01744125 Książka
© 2023 Biblioteka Politechniki Koszalińskiej :: KOHA